000 005980000a22001930004500
999 _c54449
_d54449
001 768714001
003 CO-MdFUSB
005 20170824145946.0
008 170824s2003 xxu||||| |||| 00| 0 eng d
022 _a0120-3649
040 _aCO-MdFUSB
_bspa
_cCO-MdFUSB
_dCO-MdFUSB
041 _aeng
100 1 _aSudilovsky, Judith
_eautor
245 1 0 _aNew finds at Ein Gedi
300 _aVolumen 29. Número 2 (2003), Páginas 18-20
_c28 cm.
546 _aTexto en inglés
773 0 _tBiblical Archaeology Review
_049395
_959458
_gVolumen 29. Número 2 (2003), Páginas 18-20
_qPágina 18
942 _cANA